书目信息 |
| 题名: |
惯性器件及应用实验技术
|
|
| 作者: | 郭立东 编著 | |
| 分册: | ||
| 出版信息: | 北京 清华大学出版社 2020.4 |
|
| 页数: | 200页 | |
| 开本: | 23cm | |
| 丛书名: | ||
| 单 册: | ||
| 中图分类: | TN965 | |
| 科图分类: | ||
| 主题词: | 惯性元件--高等学校--教材 | |
| 电子资源: | ||
| ISBN: | 978-7-302-41522-0 | |
| 000 | 01167nam0 2200265 45 | |
| 001 | 012001002344 | |
| 005 | 20140913172448.0 | |
| 010 | @a978-7-302-41522-0@dCNY29.00 | |
| 096 | @aTN96@bgld | |
| 100 | @a20160324d2016 em y0chiy50 ea | |
| 101 | 0 | @achi |
| 102 | @aCN@b110000 | |
| 105 | @aa z 000yy | |
| 106 | @ar | |
| 200 | 1 | @a惯性器件及应用实验技术@Aguan xing qi jian ji ying yong shi yan ji shu@f郭立东[等]编著 |
| 210 | @a北京@c清华大学出版社@d2020.4 | |
| 215 | @a200页@c图@d23cm | |
| 300 | @a自动化类专业系列实验教材 | |
| 304 | @a编著者还有:许德新、杨立新、王军、张庆 | |
| 330 | @a全书共分三部分:第一部分为惯性技术基础篇,着重介绍稳定平台系统、电控罗经、快速寻北仪、磁通门以及捷联惯导系统;第二部分为惯性技术基础实验篇,给出旋转飞轮式陀螺仪基本特性演示实验、光电吊舱稳定回路校正演示实验以及船用双轴稳定平台演示实验;第三部分为惯性技术综合实验篇,结合工程设计经验给出电控罗经、快速寻北仪、磁通门以及捷联惯导系统的相关测试、标定实验。书后给出实验报告,方便学生记录实验数据。 | |
| 606 | 0 | @a惯性元件@x高等学校@j教材 |
| 690 | @aTN965@v5 | |
| 701 | 0 | @a郭立东@Aguo li dong@4编著 |
| 801 | 0 | @aCN@bBJSDL@c20211011 |
| 905 | @b1339367-70@dTN965@e43@f4 | |
| 惯性器件及应用实验技术/郭立东[等]编著.-北京:清华大学出版社,2020.4 |
| 200页:图;23cm |
| 自动化类专业系列实验教材 |
| ISBN 978-7-302-41522-0:CNY29.00 |
| 全书共分三部分:第一部分为惯性技术基础篇,着重介绍稳定平台系统、电控罗经、快速寻北仪、磁通门以及捷联惯导系统;第二部分为惯性技术基础实验篇,给出旋转飞轮式陀螺仪基本特性演示实验、光电吊舱稳定回路校正演示实验以及船用双轴稳定平台演示实验;第三部分为惯性技术综合实验篇,结合工程设计经验给出电控罗经、快速寻北仪、磁通门以及捷联惯导系统的相关测试、标定实验。书后给出实验报告,方便学生记录实验数据。 |
| ● |
| 相关链接 |
|
|
|
|
正题名:惯性器件及应用实验技术
索取号:TN965/43
 
预约/预借
| 序号 | 登录号 | 条形码 | 馆藏地/架位号 | 状态 | 备注 |
| 1 | 1339367 | 213393674 | 第二样本阅览室/ [索取号:TN965/43] | 在馆 | |
| 2 | 1339368 | 213393683 | 第三借阅区/ [索取号:TN965/43] | 在馆 | |
| 3 | 1339369 | 213393692 | 第三借阅区/ [索取号:TN965/43] | 在馆 | |
| 4 | 1339370 | 213393709 | 第三借阅区/ [索取号:TN965/43] | 在馆 |